000 00876pam a2200241 a 4500
001 1142736
005 20240202052057.0
008 950316s1995 enk b 001 0 eng
020 _a0195642260
040 _aDLC
_cDLC
_dDLC
082 0 0 _a306
_220
245 0 4 _aThe decolonization of imagination :
_bculture, knowledge and power /
_cedited by Jan Nederveen Pieterse and Bhikhu Parekh.
260 _aLondon ;
_aAtlantic Highlands, N.J. :
_bZed Books,
_c1995.
300 _axiv, 246 p. ;
500 _aChiefly rev. papers originally presented at a conference held 1991 in Amsterdam.
650 0 _aDecolonization
650 0 _aSocial change
700 2 _aNederveen Pieterse, Jan.
_eedt
700 1 _aParekh, Bhikhu C.
_eedt
856 4 2 _uhttp://www.loc.gov/catdir/description/hol055/95013685.html
856 4 1 _uhttp://www.loc.gov/catdir/toc/hol052/95013685.html
942 _cL
999 _c283
_d283